Prarombhik byastibadi arthabigyan : (Record no. 8905)

MARC details
000 -LEADER
fixed length control field 00616cam a2200217ua 4500
008 - FIXED-LENGTH DATA ELEMENTS--GENERAL INFORMATION
fixed length control field 161007n ii |||gr||||Z||||||asm
020 ## - INTERNATIONAL STANDARD BOOK NUMBER
International Standard Book Number 9788191068924
040 ## - CATALOGING SOURCE
Transcribing agency MAIN
041 ## - LANGUAGE CODE
-- asm
082 ## - DEWEY DECIMAL CLASSIFICATION NUMBER
Classification number 338.5
100 ## - MAIN ENTRY--PERSONAL NAME
Personal name Chaudhury, Rabindra Kumar,
Relator term
245 ## - TITLE STATEMENT
Title Prarombhik byastibadi arthabigyan :
Remainder of title HS 2nd year /
Statement of responsibility, etc. By Rabindra Kumar Chaudhury & Susmita Priyadarshini .
250 ## - EDITION STATEMENT
Edition statement 5th ed.
260 ## - PUBLICATION, DISTRIBUTION, ETC.
Place of publication, distribution, etc. Guwahati:
Name of publisher, distributor, etc. Rupalim prakashan,
Date of publication, distribution, etc. 2014.
300 ## - PHYSICAL DESCRIPTION
Extent 220p.
700 ## - ADDED ENTRY--PERSONAL NAME
Personal name Priyadarshini, Susmita,
Relator term
942 ## - ADDED ENTRY ELEMENTS (KOHA)
Koha item type Books
653 ## - INDEX TERM--UNCONTROLLED
Uncontrolled term Production
653 ## - INDEX TERM--UNCONTROLLED
Uncontrolled term Microeconomics
Holdings
Withdrawn status Lost status Damaged status Not for loan Home library Current library Shelving location Date acquired Total Checkouts Full call number Barcode Date last seen Date last checked out Copy number Price effective from Koha item type
        Central Library, Naharkatiya College Central Library, Naharkatiya College General Stacks 19/09/2020 8 338.5 | CHA 23353 03/12/2024 03/12/2024 1 19/09/2020 Books
        Central Library, Naharkatiya College Central Library, Naharkatiya College General Stacks 19/09/2020 7 338.5 | CHA 23354 13/12/2023 29/11/2023 2 19/09/2020 Books
        Central Library, Naharkatiya College Central Library, Naharkatiya College General Stacks 19/09/2020 6 338.5 | CHA 23355 14/11/2022 31/10/2022 3 19/09/2020 Books

Naharkatiya College © 2020. All rights reserved.

Powered By